Library Banner
Normal view MARC view

Entry Personal Name

Number of records used in: 1

001 - CONTROL NUMBER

  • control field: 7640

003 - CONTROL NUMBER IDENTIFIER

  • control field: PK-LaUMT

005 - DATE AND TIME OF LATEST TRANSACTION

  • control field: 20251017121647.0

008 - FIXED-LENGTH DATA ELEMENTS

  • fixed length control field: 251017|| aca||aabn | a|a d

040 ## - CATALOGING SOURCE

  • Original cataloging agency: PK-LaUMT
  • Transcribing agency: PK-LaUMT

100 ## - HEADING--PERSONAL NAME

  • Personal name: Mohsen Mohammed Saleh

670 ## - SOURCE DATA FOUND

  • Source citation: Work cat.: (PK-LaUMT)138963: Mohsen Mohammed Saleh , The Palestinain issue its background and development up to 2000 /, 2001